000 00513nam a22001937a 4500
003 OSt
005 20150225112445.0
008 150225b xxu||||| |||| 00| 0 eng d
020 _a84-85276-05-1
040 _cBMC
082 _a863
100 1 _aGonzález-Ripoll, Juan Luis
_932073
245 1 4 _aLos hornilleros
_cJuan Luis González-Ripoll
260 _aCórdoba
_bEscudero
_c[1976]
300 _a206 p., 1 h.
_c18 cm
490 _aClubest
650 2 4 _929289
_aNovela española
942 _2ddc
_cBK
_hahoj
999 _c18955
_d18955